| 000 | 01433nam a2200409 i 4500 | ||
|---|---|---|---|
| 001 | 25367 | ||
| 003 | KOSZ 005 | ||
| 005 | 20200511101007.0 | ||
| 008 | 200511s1967 pl a f 001 0 pol | ||
| 015 | _aPB 1967/6314 | ||
| 040 |
_aWA N _cWA N _dKOSZ 005/RW |
||
| 041 | 1 |
_apol _heng |
|
| 046 | _k1967 | ||
| 080 | _a514 | ||
| 080 | _a(07) | ||
| 100 | 1 |
_aCoxeter, Harold Scott Macdonald _d(1907- ) _eAutor |
|
| 245 | 1 | 0 |
_aWstęp do geometrii dawnej i nowej / _cH. S. M. Coxeter ; [tłumaczenie Ryszard Krasnodębski]. |
| 246 | 1 |
_iTytuł oryginału: _aIntroduction to geometry. |
|
| 260 |
_aWarszawa : _bPaństwowe Wydawnictwo Naukowe, _c1967. |
||
| 300 |
_a488 stron : _bilustracje, errata ; _c25 cm. |
||
| 336 |
_aTekst _btxt _2rdacontent |
||
| 337 |
_aBez urządzenia pośredniczącego _bn _2rdamedia |
||
| 338 |
_aWolumin _bnc _2rdacarrier |
||
| 380 | _aKsiążki | ||
| 380 | _aPublikacje dydaktyczne | ||
| 385 |
_mPoziom nauczania _aSzkoły wyższe |
||
| 388 | _a1901-2000 | ||
| 388 | _a1945-1989 | ||
| 504 | _aBibliografia na stronach [473]-475. Indeks. | ||
| 650 | 7 | _aGeometria | |
| 655 | 7 | _aPodręcznik | |
| 658 | _aMatematyka | ||
| 700 | 1 |
_aKrasnodębski, Ryszard _d(1925- ) _eTłumaczenie |
|
| 710 | 2 |
_aPaństwowe Wydawnictwo Naukowe _4pbl |
|
| 856 |
_uhttp://koha.tu.koszalin.pl/cgi-bin/koha/opac-detail.pl?biblionumber=25367 _yKatalog online BPK |
||
| 942 |
_2UKD _cKS |
||
| 999 |
_c25367 _d25367 |
||